Variation in certain structural and physical properties of wood of ten clones of Hevea brasiliensis (Record no. 49258)

MARC details
000 -LEADER
fixed length control field 00658nam a2200181Ia 4500
100 ## - MAIN ENTRY--AUTHOR NAME
Personal name Reghu C P
245 #0 - TITLE STATEMENT
Title Variation in certain structural and physical properties of wood of ten clones of Hevea brasiliensis
260 ## - PUBLICATION, DISTRIBUTION, ETC. (IMPRINT)
Name of publisher Placrosym XVII, 2006, Kochi, India. Journal of Plantation Crops, 34 (3). Indian Cardamom Research Institute (Spices Board), Idukki, India, pp.186-191.
650 ## - SUBJECT ADDED ENTRY--TOPICAL TERM
Topical Term Basic density
650 ## - SUBJECT ADDED ENTRY--TOPICAL TERM
Topical Term Timber volume
650 ## - SUBJECT ADDED ENTRY--TOPICAL TERM
Topical Term Volumetric shrinkage tension wood
700 ## - ADDED ENTRY--PERSONAL NAME
Personal name Marattukalam J G
700 ## - ADDED ENTRY--PERSONAL NAME
Personal name Mathew F
700 ## - ADDED ENTRY--PERSONAL NAME
Personal name Thomas J
700 ## - ADDED ENTRY--PERSONAL NAME
Personal name Varghese Y A
942 ## - ADDED ENTRY ELEMENTS (KOHA)
Koha item type Bibliography STAF
Holdings
Withdrawn status Lost status Damaged status Not for loan Home library Current library Shelving location Date acquired Koha item type
      Bibliography RRII Library RRII Library Botany 01/01/2021 Bibliography STAF